000 00846nam a2200229 a 4500
001 000020004
005 20260508134417.0
008 100709s1946 sp 000 e spa d
040 _aDO-SdBNP
_bspa
_cBNPHU
082 _a864.3
_bG748i
100 1 _aGranada, Luis de,
_cFray
_d1504-1588
_942602
245 1 4 _aIntroducción del símbolo de la fé :
_bParte que trata de la creación del mundo /
_cFray Luis de Granada.
260 _aMadrid :
_bEspasa-Calpe,
_c1946.
300 _a278 p. ;
_c18 cm.
490 1 _aAustral. Marrón: Ciencia y técnica. Clásicos de la ciencia
_v642
500 _aIncluye índice de autores
650 4 _aEnsayos españoles
_93095
650 4 _aLiteratura española
_ySIGLO XVI
_98688
650 0 _aFe
_91024
830 0 _aAustral ;
_pMarrón: Ciencia y técnica. Clásicos. de la ciencia
_v642
_942603
049 _aBNGR
999 _c19516
_d19516